000 00479nam a22001697a 4500
003 NUST - PNEC
005 20170116180914.0
008 150903b xxu||||| |||| 00| 0 eng d
020 _a0803104502
040 _cLIBRARY
082 _a620.11228 GAR
100 _97327
_aGarner, F. A.
245 _aEffects of radiation on materials : twelfth international symposium
_cF. A. Garner
260 _cc.1985
650 _97330
_aRadiation Effects on Materials
_xME
942 _2ddc
_cBK
999 _c65400
_d65400